000 01020nam a2200301Ia 4500
003 GCL
008 140319s9999 xx 000 0 ara d
020 _a4430101977
040 _aGCL /
_cGCL
082 0 4 _aق
_b962
_bر ت
100 1 _aرمزى ميخائيل جيد
245 1 0 _aتاريخ السياسة والصحافة المصرية (81) /
_cرمزى ميخائيل جيد
250 _aالاولى
260 _aالقاهرة :
_bالهيئة المصرية العامة للكتاب ،
_c1995
300 _a327 ص ؛
_c24 سم
490 _aتاريخ المصريين
_v81
650 0 4 _aالعصر الحديث
650 0 4 _aمصر
650 0 4 _aتاريخ
650 0 4 _aالاحوال الاجتماعية
650 0 4 _aالاحوال السياسية
650 0 4 _aالصحافة المصرية
650 0 4 _aثورة 23 يوليو 1952
650 0 4 _aحرب يونيو 1967 - مصر
650 0 4 _aحرب اكتوبر 1973
650 0 4 _aجمال عبدالناصر
942 _2ddc
_cBK
999 _c37014
_d37014